000 00567nam a2200181Ia 4500
005 20250923145134.0
008 008 250917s9999 xx 000 0 eng d
037 _aTextual
040 _aDSWL
_beng
_cDSWL
041 _aeng
_2eng
084 _aV2,32, N67
_qDSWL
100 _aStarosta, William
_9832156
245 0 _aDirections and redirections: parliamentary - Rules and the Lok Sabha
_cby William Starosta
260 _bUniversity of Wisconsin
_c1967
300 _a558p.
942 _cTEXL
_hV2,32, N67
999 _c1447630
_d1447630